000 00834cam a22002414a 4500
001 12971280
005 20250122095659.0
008 021017s2003 ilua b 001 0 eng
020 _a0866887989
050 0 0 _aR729.8
_b.P48 2003
082 0 0 _a362.1/0425
_222
245 0 4 _aThe physician's promise :
_bprotecting patients from harm.
260 _aOakbrook Terrace, IL :
_bJoint Commission on Accreditation of Healthcare Organizations,
_cc2003.
300 _ax, 169 p. :
_bill. ;
_c28 cm.
500 _a"Improving Health Care Quality and Safety."
500 _a"PPPH-02"--Cover p. 4.
650 0 _aMedical errors
_xPrevention.
650 0 _aHealth facilities
_xSafety measures.
650 0 _aMedical care
_xQuality control.
650 0 _aPhysician and patient.
710 2 _aJoint Commission Resources, Inc.
942 _2lcc
_cBK
_n0
999 _c2763
_d2763